| 000 | 00622nam a2200217Ia 4500 | ||
|---|---|---|---|
| 003 | 0100 | ||
| 008 | 130307s9999 xx 000 0 und d | ||
| 020 | _a1565181840 | ||
| 040 | _cARRUPELIB | ||
| 050 | _aBD241.H364 2003 | ||
| 245 | _aHermeneutics and inculturation | ||
| 260 | _aWashington | ||
| 260 | _bThe Council for Research in Values and Philosophy | ||
| 260 | _c2003 | ||
| 300 | _a273p. | ||
| 300 | _b23 cm. | ||
| 440 | _aCultural heritage and contemporary change. Series VII, Seminars on cultures and values; v.7 | ||
| 650 | _aPHILOSOPHY | ||
| 700 | _aMcClean, George F. ...(et al.) (ed.) | ||
| 942 | 0 | 0 | _01 |
| 999 |
_c96758 _d96758 |
||